Λογισμός σε πολλαπλότητες : μια μοντέρνα προσέγγιση στα κλασικά θεωρήματα του προχωρημένου λογισμού

Αποθηκεύτηκε σε:
Λεπτομέρειες βιβλιογραφικής εγγραφής
Κύριος συγγραφέας: Spivak, Michael
Άλλοι συγγραφείς: Μαγειρόπουλος, Μανώλης (Μεταφραστής)
Μορφή: Βιβλίο
Γλώσσα:Greek
English
Δημοσίευση: Ηράκλειο : Πανεπιστημιακές εκδόσεις Κρήτης, 1994.
Θέματα:
Ετικέτες: Προσθήκη ετικέτας
Δεν υπάρχουν, Καταχωρήστε ετικέτα πρώτοι!

MARC

LEADER 00000cam a2200000 i 4500
001 1/48484
008 950418t19941993gr | ||| |||| ||gre||
020 |a 9607309618  
035 |1 ΕΛΗ  |a 1995  |b 1807  |c ΚΩΤΣΑΚΗΣ  |l 10043349 
035 |1 ΕΛΗ  |a 1995  |b 0309  |c ΒΙΒΛΙΟΘΗΚΗ 
040 |a GR-MyUA  |b gre  |e AACR2 
041 1 |a gre  |h eng 
082 0 |a 515.43 
100 1 |a Spivak, Michael. 
245 1 0 |a Λογισμός σε πολλαπλότητες :   |b μια μοντέρνα προσέγγιση στα κλασικά θεωρήματα του προχωρημένου λογισμού /   |c Michael Spivak ; απόδοση στα ελληνικά Μανώλης Μαγειρόπουλος.  
260 |a Ηράκλειο :   |b Πανεπιστημιακές εκδόσεις Κρήτης,   |c 1994.  
300 |a 149 σ. ;   |c 24 εκ.  
504 |a Περιέχει βιβλιογραφικές αναφορές και ευρετήριο.  
650 0 0 |a Calculus. 
650 0 0 |a Manifolds (Mathematics) 
650 0 0 |a Differential topology. 
700 1 |a Μαγειρόπουλος, Μανώλης,  |e trl 
765 0 8 |i Μετάφραση του:   |t Calculus on manifolds :  
852 |a INST  |b RHODES  |e 19980521  |h 517.34 SPI  |p 005400006586  |q 005400006586  |t BK  |y 0 
852 |a INST  |b SAMOS  |e 19950418  |h 515.43 SPI  |p 005300005641  |q 005300005641  |t BK  |y 12 
852 |a INST  |b SAMOS  |e 19960318  |h 515.43 SPI  |p 005300010069  |q 005300010069  |t BK  |y 0 
852 |a INST  |b SAMOS  |e 19960318  |h 515.43 SPI  |p 005300010070  |q 005300010070  |t BK  |y 0 
852 |a INST  |b SAMOS  |e 20090520  |h 515.43 SPI  |p 005300028667  |q 005300028667  |t BK  |y 23 
901 |a BIBL3-2009-2 
901 |a BIBL-1998-2 
909 |a Σ  |b 157989 
909 |a Σ  |b 043290 
909 |a Σ  |b 038919 
909 |a Σ  |b 043291 
909 |a Ρ  |b 053828 
922 |a 4ΕΛΗ  |b 199802  |c ΚΠΣ/Ν  |d EMVASIS 
970 |a ΜΑΛΑΓΑΡΗ  |b ΦΩΤΕΙΝΗ  |z 2009/05/20